| 000 | 00561nam a22001817a 4500 | ||
|---|---|---|---|
| 003 | OSt | ||
| 005 | 20260110011500.0 | ||
| 008 | 260110b |||||||| |||| 00| 0 eng d | ||
| 020 | _a 08314800395 | ||
| 040 |
_aDWC-Main lib _cOC |
||
| 082 | _aGen. 420.103 N616n 1988 | ||
| 100 | _aNichols, V. | ||
| 245 |
_aNew webster's thesaurus : _b dictionary format of synonyms & antonyms/ _cNichols V. |
||
| 260 |
_aNew York : _bBook Essentials, _cc1988. |
||
| 300 |
_a349 pages ; _c 18cm. |
||
| 650 | _a1. English language - Dictionaries. | ||
| 942 |
_2ddc _cGR _kGen. _n0 |
||
| 999 |
_c7238 _d7238 |
||